00711nam a2200241 a 4500001001300000003000900013005001700022008004100039020001000080082001500090100002000105245006300125260003100188300000900219500003500228505001000263650003100273700002000304902000800324942000700332952011500339999001500454nice12345678IN_TiNIC20260116011838.0050524s1912 lona grp 000 0 eng  ac10000a270.6bPLU aPlummer, Alfred aContinental Reformation in Germany, France and Switzerland aLondonbRobert Scottc1912 a217p aincludes index and biblioraphy2 aIndex aReformation-Church History1 aPlummer, Alfred bSRS cBK 001040708StackRoom-aHMIbHMId2007-07-17g100.00l0o270.6 PLUp07262r2007-07-17v100.00w2005-05-24yBK c4391d4391